[Event "Nuremberg LGA Cup 7th"]
[Site "Nuremberg"]
[Date "2010.09.04"]
[Round "4"]
[White "Schatz, Christian"]
[Black "Uhlmann, David"]
[Result "1-0"]
[WhiteElo "2189"]
[BlackElo "1997"]
[PlyCount "71"]
[EventDate "2010.09.02"]
[EventType "swiss"]
[EventRounds "7"]
[EventCountry "GER"]
[SourceTitle "CBM 138 Extra"]
[Source "ChessBase"]
[SourceDate "2010.10.29"]
[SourceVersion "1"]
[SourceVersionDate "2010.10.29"]
[SourceQuality "1"]

1. Nf3 Nf6 2. c4 e6 3. g3 b6 4. Bg2 Bb7 5. 0-0 c5 6. Nc3 Be7 7. d4 cxd4 8. Qxd4 Nc6 9. Qf4 Qb8 10. Nb5 Qxf4 11. Bxf4 Rc8 12. Ne5 g5 13. Nxc6 dxc6 14. Nd6+ Bxd6 15. Bxd6 Rd8 16. Rfd1 Rg8 17. b4 Ba8 18. a4 Nd7 19. a5 b5 20. Rac1 Nf6 21. cxb5 cxb5 22. Bxa8 Rxa8 23. Rc7 Nd5 24. Rb7 a6 25. Rc1 Rd8 26. Rc6 Rg6 27. Bc5 e5 28. Rxg6 hxg6 29. Ra7 Nc3 30. Re7+ Kf8 31. Rxe5+ Kg8 32. Re3 Na4 33. Be7 Rd4 34. Bf6 Rd1+ 35. Kg2 Kf8 36. Bxg5 1-0

[Event "Nuremberg LGA Cup 7th"]
[Site "Nuremberg"]
[Date "2010.09.02"]
[Round "1"]
[White "Uhlmann, David"]
[Black "Seifert, Volker"]
[Result "1/2-1/2"]
[WhiteElo "1997"]
[BlackElo "2332"]
[PlyCount "30"]
[EventDate "2010.09.02"]
[EventType "swiss"]
[EventRounds "7"]
[EventCountry "GER"]
[SourceTitle "CBM 138 Extra"]
[Source "ChessBase"]
[SourceDate "2010.10.29"]
[SourceVersion "1"]
[SourceVersionDate "2010.10.29"]
[SourceQuality "1"]

1. d4 e6 2. c4 Nf6 3. Nc3 Bb4 4. e3 c5 5. Bd3 0-0 6. Nge2 d5 7. cxd5 exd5 8. 0-0 b6 9. Bd2 Bb7 10. Rc1 Nbd7 11. a3 Bxc3 12. Bxc3 Ne4 13. Bxe4 dxe4 14. Ng3 Qg5 15. Qh5 Qxh5 1/2-1/2

[Event "Regionalliga SO 0809"]
[Site "Bayern"]
[Date "2008.11.30"]
[Round "3.6"]
[White "Pappenheim, Rainer"]
[Black "Uhlmann, David"]
[Result "1-0"]
[WhiteElo "1944"]
[BlackElo "1904"]
[PlyCount "89"]
[EventDate "2008.10.05"]
[EventType "team-tourn"]
[EventRounds "9"]
[EventCountry "GER"]
[SourceTitle "EXT 2020"]
[Source "ChessBase"]
[SourceDate "2019.10.17"]
[SourceVersion "1"]
[SourceVersionDate "2019.10.17"]
[SourceQuality "1"]
[WhiteTeam "Starnberg"]
[BlackTeam "Pang/Rosenheim II"]
[WhiteTeamCountry "GER"]
[BlackTeamCountry "GER"]

1. e4 d5 2. exd5 Qxd5 3. Nc3 Qa5 4. d4 Nf6 5. Nf3 Bf5 6. Bd3 Bxd3 7. Qxd3 c6 8. 0-0 e6 9. Re1 Nbd7 10. Bf4 Be7 11. a3 Nd5 12. Bd2 Nxc3 13. Bxc3 Qh5 14. b4 Qg6 15. Qe2 Bf6 16. a4 0-0 17. Ra3 Nb6 18. Rc1 Rfd8 19. a5 Nd5 20. Bd2 Qg4 21. a6 b6 22. Qc4 Nf4 23. Bxf4 Qxf4 24. Rd1 Rac8 25. Rad3 h6 26. Qb3 c5 27. dxc5 Rxd3 28. cxd3 bxc5 29. b5 Rb8 30. Qc4 Qd6 31. Nd2 Qb6 32. Rb1 Bd4 33. h3 Be5 34. Qc2 Bd4 35. Nc4 Qc7 36. Qa2 Bc3 37. b6 axb6 38. Rxb6 Ra8 39. Rb7 Qc6 40. Nb6 Rd8 41. Qa4 Qxa4 42. Nxa4 Be5 43. a7 c4 44. d4 Bf4 45. g3 1-0

[Event "Nuremberg LGA Cup 5th"]
[Site "Nuremberg"]
[Date "2008.09.06"]
[Round "5.65"]
[White "Uhlmann, David"]
[Black "Wettermann, Bernd"]
[Result "1-0"]
[WhiteElo "1987"]
[BlackElo "1732"]
[PlyCount "67"]
[EventDate "2008.09.04"]
[EventType "swiss"]
[EventRounds "7"]
[EventCountry "GER"]
[SourceTitle "EXT 2022"]
[Source "ChessBase"]
[SourceDate "2021.10.06"]
[SourceVersion "1"]
[SourceVersionDate "2021.10.06"]
[SourceQuality "1"]

1. d4 f5 2. e4 fxe4 3. Nc3 Nf6 4. Bg5 e6 5. Nxe4 Be7 6. Bxf6 Bxf6 7. Nf3 0-0 8. Bd3 Nc6 9. c3 b6 10. Qc2 g6 11. 0-0-0 Bb7 12. h4 Rf7 13. h5 Rg7 14. hxg6 hxg6 15. Rh6 Kf7 16. Kb1 Ne7 17. Nfg5+ Bxg5 18. Nxg5+ Kf8 19. Bxg6 Ng8 20. Nh7+ Ke7 21. Rh4 Nf6 22. Nxf6 Kxf6 23. Be4 c6 24. Rdh1 Qc7 25. Qe2 Rag8 26. g3 Ke7 27. Rh7 Kd8 28. Rxg7 Rxg7 29. Rh8+ Ke7 30. Qh5 d5 31. Qh4+ Kd6 32. Qf4+ Kd7 33. Qf8 Re7 34. Bg6 1-0

[Event "Nuremberg LGA Cup 5th"]
[Site "Nuremberg"]
[Date "2008.09.04"]
[Round "1"]
[White "Uhlmann, David"]
[Black "Pribyl, Josef"]
[Result "0-1"]
[WhiteElo "1987"]
[BlackElo "2397"]
[PlyCount "90"]
[EventDate "2008.09.04"]
[EventType "swiss"]
[EventRounds "7"]
[EventCountry "GER"]
[SourceTitle "CBM 126 Extra"]
[Source "ChessBase"]
[SourceDate "2008.11.05"]
[SourceVersion "1"]
[SourceVersionDate "2008.11.05"]
[SourceQuality "1"]

1. d4 Nf6 2. c4 g6 3. Nc3 d5 4. Nf3 Bg7 5. Bg5 Ne4 6. cxd5 Nxg5 7. Nxg5 e6 8. Nf3 exd5 9. e3 0-0 10. Bd3 Nc6 11. 0-0 a5 12. Rc1 Ne7 13. Qc2 c6 14. Na4 f5 15. g3 Bf6 16. Ne5 g5 17. f4 Kg7 18. Rf2 g4 19. Qc5 Ng6 20. Qc2 Be7 21. Qb3 Nxe5 22. fxe5 Bg5 23. Bb1 b5 24. Nc5 a4 25. Qd3 Qe8 26. Rcf1 Qg6 27. Qe2 h5 28. e4 dxe4 29. Nxe4 Be7 30. Nc5 Ra7 31. e6 Qf6 32. Qe3 Bxc5 33. dxc5 Qxe6 34. Qc3+ Qf6 35. Qxf6+ Rxf6 36. Bxf5 Bxf5 37. Rxf5 Rxf5 38. Rxf5 Rd7 39. Re5 Rd2 40. Re7+ Kf6 41. Rc7 Rxb2 42. Rxc6+ Ke5 43. Rb6 b4 44. Ra6 Rxa2 45. c6 Kd6 0-1

[Event "GER-ch Net qual2 U25"]
[Site "Playchess.com INT"]
[Date "2008.06.04"]
[Round "4"]
[White "Litwak, Aleksej"]
[Black "Uhlmann, David"]
[Result "1-0"]
[WhiteElo "2284"]
[BlackElo "2004"]
[PlyCount "76"]
[EventDate "2008.06.04"]
[EventType "swiss (blitz)"]
[EventRounds "7"]
[EventCountry "GER"]
[SourceTitle "CBM 124 Extra"]
[Source "ChessBase"]
[SourceDate "2008.07.03"]
[SourceVersion "1"]
[SourceVersionDate "2008.07.03"]
[SourceQuality "1"]

1. e4 c5 2. Nf3 e6 3. d4 cxd4 4. Nxd4 Nc6 5. Nc3 Qc7 6. Be2 Nf6 7. Be3 a6 8. 0-0 Bb4 9. Na4 Be7 10. c4 Nxe4 11. c5 0-0 12. Rc1 Rb8 13. Qb3 g6 14. Rfd1 e5 15. Nf3 d6 16. Qd5 Nxc5 17. Nxc5 dxc5 18. Bxc5 Be6 19. Qe4 Bxc5 20. Rxc5 Rbd8 21. Nxe5 Rxd1+ 22. Bxd1 Rd8 23. Be2 Qd6 24. Nxc6 bxc6 25. Rxc6 Qd1+ 26. Bf1 Bxa2 27. Rxa6 Bb1 28. Qe2 Qb3 29. Ra3 Qd5 30. h3 h5 31. Rf3 Be4 32. Re3 Bf5 33. Qc4 Qxc4 34. Bxc4 Rd1+ 35. Kh2 Rd2 36. Re2 Rd4 37. b3 Kg7 38. Re7 Be6 1-0

[Event "GER-ch Net qual2 U25"]
[Site "Playchess.com INT"]
[Date "2008.06.04"]
[Round "5"]
[White "Uhlmann, David"]
[Black "Gustain, Marc"]
[Result "0-1"]
[WhiteElo "2004"]
[BlackElo "2065"]
[PlyCount "40"]
[EventDate "2008.06.04"]
[EventType "swiss (blitz)"]
[EventRounds "7"]
[EventCountry "GER"]
[SourceTitle "CBM 124 Extra"]
[Source "ChessBase"]
[SourceDate "2008.07.03"]
[SourceVersion "1"]
[SourceVersionDate "2008.07.03"]
[SourceQuality "1"]

1. d4 d5 2. c4 Nc6 3. e3 e5 4. dxe5 d4 5. a3 a5 6. Nf3 Bc5 7. exd4 Nxd4 8. Nc3 Bg4 9. Be2 Nxf3+ 10. Bxf3 Qxd1+ 11. Bxd1 Bxd1 12. Nxd1 0-0-0 13. Be3 Bd4 14. f4 Ne7 15. Ke2 Nf5 16. Rb1 Rhe8 17. Bxd4 Rxd4 18. g3 Rxc4 19. Nc3 f6 20. Kf2 fxe5 0-1

[Event "Regionalliga SO 0304"]
[Site "Bayern"]
[Date "2003.11.23"]
[Round "3.8"]
[White "Soergel, Thomas"]
[Black "Uhlmann, David"]
[Result "1-0"]
[WhiteElo "2056"]
[BlackElo "1227"]
[PlyCount "83"]
[EventDate "2003.10.??"]
[EventType "team"]
[EventRounds "9"]
[EventCountry "GER"]
[SourceTitle "EXT 2006"]
[Source "ChessBase"]
[SourceDate "2005.11.24"]
[SourceVersion "1"]
[SourceVersionDate "2005.11.24"]
[SourceQuality "1"]
[WhiteTeam "Graefelfing"]
[BlackTeam "Freilassing"]
[WhiteTeamCountry "GER"]
[BlackTeamCountry "GER"]

1. c4 e5 2. Nc3 g6 3. g3 Bg7 4. Bg2 Nf6 5. Nf3 Nc6 6. 0-0 0-0 7. b4 d6 8. b5 Ne7 9. Bb2 Re8 10. Qb3 Bd7 11. Rfd1 Qc8 12. Rac1 Bh3 13. Bh1 Bf5 14. c5 e4 15. Ng5 d5 16. f3 h6 17. fxe4 hxg5 18. exf5 Qxf5 19. Rf1 Qd7 20. e4 c6 21. exd5 Nfxd5 22. Nxd5 Nxd5 23. Bxg7 Kxg7 24. Bxd5 Qxd5 25. Qxd5 cxd5 26. Rfe1 Re6 27. Re3 Kf8 28. Rce1 Ke7 29. d4 Rc8 30. Re5 Rd8 31. a4 Kf6 32. Kg2 a6 33. b6 Ke7 34. a5 Kf6 35. h3 Ke7 36. Kf3 Rxe5 37. Rxe5+ Kf6 38. Kg4 Kg7 39. Re7 Rb8 40. Kxg5 Kg8 41. Kf6 Rf8 42. Rxb7 1-0